| 000 | 00690nam a22001935i 4500 | ||
|---|---|---|---|
| 001 | 154798 | ||
| 003 | ES-MaACL | ||
| 005 | 20230906205845.0 | ||
| 008 | 990527m18701878gw |||| | ger d | ||
| 040 |
_aCCPB | B _bspa _cCCPB | B |
||
| 100 | 1 |
_aGrimm, Jacob ( _d1785-1863) _960060 |
|
| 245 | 1 | 0 |
_aDeutsche grammatik / _cvon Jacob Grimm ; desorgt durch Wilhem Scherer. |
| 250 | _aNeuer verm. Abdr. / besorgt durch Wilhelm Scherer. | ||
| 260 |
_aBerlin : _bFerd. Dünnlers Verlagsbuchhandlung, _c1870-1878. |
||
| 300 |
_a2 v. ; _c23 cm. |
||
| 650 | 4 |
_aLengua alemana- _xGramática. _914085 |
|
| 700 | 1 |
_aScherer, Wilhelm. _9132541 |
|
| 852 |
_aES-MaACL _jG-2811-12 _z-- Enc. pasta española |
||
| 999 |
_c154798 _d154798 |
||